<?xml version="1.0" encoding="UTF-8"?>
<record
    xmlns:xsi="http://www.w3.org/2001/XMLSchema-instance"
    xsi:schemaLocation="http://www.loc.gov/MARC21/slim http://www.loc.gov/standards/marcxml/schema/MARC21slim.xsd"
    xmlns="http://www.loc.gov/MARC21/slim">

  <leader>00873    a2200145   4500</leader>
  <datafield tag="082" ind1=" " ind2=" ">
    <subfield code="a">394</subfield>
    <subfield code="b">ES74m</subfield>
  </datafield>
  <datafield tag="100" ind1=" " ind2=" ">
    <subfield code="a">Escobar, Ticio</subfield>
    <subfield code="9">827</subfield>
  </datafield>
  <datafield tag="110" ind1=" " ind2=" ">
    <subfield code="a">Departamento de Documentacion e Investigaciones Centro de Artes Visuales/Museo del Barro</subfield>
    <subfield code="9">842</subfield>
  </datafield>
  <datafield tag="245" ind1=" " ind2=" ">
    <subfield code="a">La Maldicion de Nemur</subfield>
    <subfield code="b">Acerca del Arte, el Mito y el Ritual de los indigenas Ishir del gran Chaco Paraguayo</subfield>
  </datafield>
  <datafield tag="260" ind1=" " ind2=" ">
    <subfield code="a">Paraguay</subfield>
    <subfield code="b">Editorial Arte Nuevo</subfield>
    <subfield code="c">1999</subfield>
  </datafield>
  <datafield tag="300" ind1=" " ind2=" ">
    <subfield code="a">397 p</subfield>
    <subfield code="b">ill (col)</subfield>
    <subfield code="c">26.5 cm</subfield>
  </datafield>
  <datafield tag="505" ind1=" " ind2=" ">
    <subfield code="t">Capitulo I. El gran mito</subfield>
    <subfield code="t">Capitulo II. El arte plumario</subfield>
    <subfield code="t">Capitulo III. Las pinturas corporales</subfield>
    <subfield code="t">Capitulo IV. El rito</subfield>
    <subfield code="t">Capitulo V. Camino de Shamanes</subfield>
    <subfield code="t">Capitulo VI. La historia</subfield>
    <subfield code="t">Apendice I. Clasificacion de las piezas de arte plumario</subfield>
    <subfield code="t">Apendice II. Pinturas Shamanicas: casos</subfield>
    <subfield code="t">Bibliografia citada</subfield>
  </datafield>
  <datafield tag="650" ind1=" " ind2=" ">
    <subfield code="a">mitologia</subfield>
    <subfield code="x">indios-chaco paraguayo-religion</subfield>
    <subfield code="x">ritos y ceremonias</subfield>
    <subfield code="9">843</subfield>
  </datafield>
  <datafield tag="700" ind1=" " ind2=" ">
    <subfield code="a">Ticio Escobar</subfield>
    <subfield code="9">830</subfield>
  </datafield>
  <datafield tag="999" ind1=" " ind2=" ">
    <subfield code="c">175</subfield>
    <subfield code="d">175</subfield>
  </datafield>
  <datafield tag="952" ind1=" " ind2=" ">
    <subfield code="0">0</subfield>
    <subfield code="1">0</subfield>
    <subfield code="2">ddc</subfield>
    <subfield code="4">0</subfield>
    <subfield code="7">0</subfield>
    <subfield code="a">LV</subfield>
    <subfield code="b">LV</subfield>
    <subfield code="c">Pensamiento</subfield>
    <subfield code="d">2014-05-26</subfield>
    <subfield code="l">0</subfield>
    <subfield code="o">394 ES74m</subfield>
    <subfield code="p">000148</subfield>
    <subfield code="r">2014-05-26 00:00:00</subfield>
    <subfield code="w">2014-05-26</subfield>
    <subfield code="y">01</subfield>
  </datafield>
</record>
